| 000 | 00745nam a2200217Ia 4500 | ||
|---|---|---|---|
| 003 | GCL | ||
| 008 | 140319s9999 xx 000 0 ara d | ||
| 040 |
_aGCL / _cGCL |
||
| 082 | 0 | 4 |
_a301.31 _bا ت |
| 100 | 1 | _aاحمد هانى قزامل | |
| 245 | 1 | 0 |
_aتلوث بحيرة المنزلة: بالمستندات, الجريمة, الاثار, الانقاذ / _cاحمد هانى قزامل |
| 300 | _a133 ص | ||
| 490 |
_aالهيئة العامة للاستعلامات _v0 |
||
| 650 | 0 | 4 | _aتلوث البيئة |
| 650 | 0 | 4 | _aحماية البيئة |
| 650 | 0 | 4 | _aالمياه |
| 650 | 0 | 4 | _aبيئة المياة العذبة |
| 650 | 0 | 4 | _aالمياه - تلوث |
| 650 | 0 | 4 | _aبحيرة المنزلة - تلوث |
| 942 |
_2ddc _cBK |
||
| 999 |
_c51715 _d51715 |
||